| 000 | 00719nam a2200205Ia 4500 | ||
|---|---|---|---|
| 005 | 20260121110208.0 | ||
| 008 | 008 260114s9999 xx 000 0 hin d | ||
| 020 | _a9788132365815 | ||
| 037 | _aEBOOK | ||
| 040 |
_aCRL _bhin _cCRL |
||
| 041 |
_ahin _2hin |
||
| 084 | _qCRL | ||
| 100 |
_aराजन चौहान / Rajan Chauhan _9943214 |
||
| 245 | 0 | _aआधुनिक शैक्षिक प्रौद्योगिकी का अवलोकन / Aadhunik Shaikshik Praudyogiki Ka Avlokan | |
| 260 |
_bभाषा प्रकाशन / Bhasha Prakashan _c2021 |
||
| 856 | _uhttps://bhashaprakashan.com/product-details/379437 | ||
| 942 | _cEBOOK | ||
| 999 |
_c1534879 _d1534879 |
||